00608nam a2200193 i 4500001000300000100002200003245006800025260002100093650002700114650003000141040000800171041000800179080001500187942000700202008004100209999001700250856009800267952004900365bg1 aANDRZEJAK, Sabina 0aKoszty kształcenia w szkołach wyższych /cSabina Andrzejak. aWarszawa,c1982. 9aNauczaniexzagadnienia 9aKształceniexzagadnienia cBPK apol a378.3(438) cKS s pl f |000 0 pol  c20595d20595 uhttp://koha.tu.koszalin.pl/cgi-bin/koha/opac-detail.pl?biblionumber=20595yKatalog online BPK 00104070aBPKbBPKcwo28995p01103618yKS